[Event "Katowice op"]
[Site "Katowice"]
[Date "1992.??.??"]
[Round "5"]
[White "Ikonnikov, Vyacheslav"]
[Black "Belakovskaia, Anjelina"]
[Result "1-0"]
[WhiteElo "2490"]
[BlackElo "2290"]

1.d4 Nf6 2.Nf3 g6 3.c4 Bg7 4.Nc3 d6 5.e4 O-O 6.Be2 e5 7.O-O Nc6 8.d5 Ne7
9.Ne1 Nd7 10.Be3 f5 11.f3 f4 12.Bf2 g5 13.a4 Ng6 14.a5 Rf7 15.Nd3 Nf6 16.c5 Bf8
17.c6 bxc6 18.dxc6 d5 19.exd5 g4 20.fxg4 e4 21.Nc1 f3 22.gxf3 exf3 23.Bxf3 Ne5
24.Nd3 Nxf3+ 25.Qxf3 Bxg4 26.Qg2 Rg7 27.Bg3 Nh5 28.Ne5 Nxg3 29.hxg3 Bc5+
30.Kh1 Qg5 31.Nxg4 Qxg4 32.Ra4 Qh5+ 33.Rh4 Qe5 34.Ne4 Be7 35.Rhf4 Rb8 36.R1f2 Rg6
37.Rf5 Qd4 38.Qf3 Rd8 39.Rd2 Qg7 40.Qc3 Rh6+ 41.Kg1 Qg4 42.Qe5 Re8 43.d6 cxd6
44.Nxd6 Qh3 45.Rg5+ Rg6 46.Rxg6+ hxg6 47.Rh2  1-0

[Event "Katowice op"]
[Site "Katowice"]
[Date "1992.??.??"]
[Round "6"]
[White "Mitenkov, Alexey"]
[Black "Renet, Olivier"]
[Result "1/2-1/2"]
[WhiteElo "2390"]
[BlackElo "2495"]

1.Nf3 Nf6 2.c4 g6 3.Nc3 Bg7 4.e4 d6 5.d4 O-O 6.Be2 e5 7.O-O Nc6 8.dxe5 dxe5
9.Bg5 Bg4 10.Qxd8 Nxd8 11.Bxf6 Bxf6 12.Nd5 Bg5 13.Nxc7 Bxf3 14.Bxf3 Rc8 15.Nb5 a6
16.Nd6 Rc6 17.Rfd1 Be7 18.Nxb7 Nxb7 19.Rd7 Bd6 20.Rxb7 Rxc4 21.Be2 Rc6 22.b3 Bc5
23.Bc4 Rf6 24.Rf1 Ra8 25.g3 Ra7 26.Rb8+ Kg7 27.Kg2 Rd7 28.Rc8 Bb6 29.Bd5 a5
30.f3 Rc7 31.Rxc7 Bxc7 32.Rc1 Bb6 33.Rc8 h5 34.Re8 Bd4 35.Re7 g5 36.h3 g4
37.hxg4 hxg4 38.fxg4 Rf2+ 39.Kh3 Rxa2 40.Rxf7+ Kg6 41.Rf5 Rf2 42.Rh5 Rf1
43.Bc6 Rh1+ 44.Kg2 Rxh5 45.Be8+ Kf6 46.gxh5 Be3 47.Kf3 Bh6 48.Bd7 Bg5 49.Bc8 Bh6
50.Ke2 Bg5 51.Kd3 Bh6 52.Bf5 Bg5 53.Kc4 Bd2 54.Kd5 Bh6 55.Kd6 Be3 56.Kd7 Bc1
57.Kc7 Bd2 58.Kc6 Kg5 59.Kd6 Kf6  1/2-1/2

[Event "JUG-ch"]
[Site "Kladovo"]
[Date "1992.??.??"]
[Round "3"]
[White "Nestorovic, Dejan"]
[Black "Antic, Dejan"]
[Result "1-0"]
[WhiteElo "2335"]
[BlackElo "2405"]

1.d4 Nf6 2.Nf3 g6 3.c4 Bg7 4.Nc3 O-O 5.e4 d6 6.Be2 e5 7.O-O Nc6 8.d5 Ne7
9.b4 Nh5 10.g3 f5 11.Ng5 Nf6 12.f3 c6 13.Be3 h6 14.Ne6 Bxe6 15.dxe6 Ne8 16.Qb3 Nc7
17.Rfd1 Kh8 18.Bc5 Nxe6 19.Rxd6 Qc8 20.Rd3 Rf7 21.Bf1 Nd4 22.Bxd4 exd4 23.Ne2 fxe4
24.fxe4 Qg4 25.Nxd4 c5 26.bxc5 Nc6 27.Nxc6 Bxa1 28.Nd8 Rf8 29.Nxb7 Qxe4 30.Qd1 Bg7
31.Nd6 Qe5 32.c6 Qc5+ 33.Kh1 Rab8 34.Bg2 Rb2 35.Rd2 Rxd2 36.Qxd2 Rf2 37.Qd5 Qe3
38.h4 Qe1+ 39.Kh2 Qe7 40.c5 Rc2 41.h5  1-0

[Event "Kobanya op"]
[Site "Kobanya op"]
[Date "1992.??.??"]
[Round "1"]
[White "Pospelov, Evgeny"]
[Black "Kecskes, Gabor"]
[Result "1/2-1/2"]
[WhiteElo "2400"]
[BlackElo "2215"]

1.d4 Nf6 2.c4 g6 3.Nc3 Bg7 4.e4 d6 5.Nf3 O-O 6.Be2 e5 7.O-O Nc6 8.d5 Ne7
9.Nd2 a5 10.a3 Nd7 11.Rb1 f5 12.b4 Kh8 13.Qc2 Ng8 14.f3 Bh6 15.Nb3 axb4 16.axb4 Ndf6
17.c5 Nh5 18.Bxh6 Nxh6 19.g3 f4 20.g4 Ng7 21.Nb5 Nf7 22.cxd6 cxd6 23.Qc7 Qf6
24.Na5 Ne8 25.Qb6 h5 26.gxh5 Qg5+ 27.Kh1 Qxh5 28.Nc7 Nxc7 29.Qxc7 g5 30.Rg1 Rg8  1/2-1/2

[Event "Kobanya op"]
[Site "Kobanya op"]
[Date "1992.??.??"]
[Round "8"]
[White "Szabolcsi, Janos"]
[Black "Blasovszky, Istvan"]
[Result "1-0"]
[WhiteElo "2375"]
[BlackElo "2265"]

1.d4 Nf6 2.c4 g6 3.Nc3 Bg7 4.e4 d6 5.Nf3 O-O 6.Be2 e5 7.O-O Nc6 8.dxe5 Nxe5
9.Nd4 Re8 10.f4 Ned7 11.Bf3 c6 12.Be3 Nc5 13.e5 Nfd7 14.Nxc6 bxc6 15.Bxc6 Rb8
16.Nb5 dxe5 17.Qd5 Qe7 18.Nd6 Rd8 19.fxe5 Qxe5 20.Rae1 Rf8 21.Nxf7 Qxd5 22.Bxd5 Bxb2
23.Nd6+ Kg7 24.Rxf8 Nxf8 25.Bxc5 Bd7 26.h3 Bf6 27.Ne4 Be5 28.Bxa7 Rb2 29.a3 Ra2
30.Bc5 Ba4 31.Ng5 Nd7 32.Ne6+ Kh6 33.Be3+  1-0

[Event "Lippstadt"]
[Site "Lippstadt"]
[Date "1992.??.??"]
[Round "?"]
[White "Ree, Hans"]
[Black "Schmidt, Wlodzimierz"]
[Result "0-1"]
[WhiteElo "2450"]
[BlackElo "2420"]

1.d4 Nf6 2.c4 g6 3.Nc3 Bg7 4.e4 d6 5.Be2 O-O 6.Nf3 e5 7.O-O Nc6 8.d5 Ne7
9.b4 Nh5 10.g3 f5 11.Ng5 Nf6 12.f3 c6 13.b5 h6 14.Ne6 Bxe6 15.dxe6 c5 16.Nd5 Ne8
17.Be3 Nc7 18.Qd2 Nxe6 19.Bxh6 f4 20.Bxg7 Kxg7 21.gxf4 Nxd5 22.exd5 Nxf4
23.Bd3 Nxd3 24.Qxd3 Rf4 25.Kh1 Qf6 26.Rae1 Rh8 27.Re4 Rhh4 28.Qe2 Qf5 29.Re1 Rh3
30.Rxf4 Qxf4 31.Rf1 Rh4 32.Rf2 Qe4 33.Qd2 Qd4 34.Qc2 Qxd5 35.Rg2 Qe6 36.Qd2 Rd4
37.Qa5 Qf7 38.Rg3 b6 39.Qa6 e4 40.Qa3 Rd1+ 41.Kg2 Rd2+  0-1

[Event "Lippstadt"]
[Site "Lippstadt"]
[Date "1992.??.??"]
[Round "?"]
[White "Matthias, Heiner"]
[Black "Schmidt, Wlodzimierz"]
[Result "1/2-1/2"]
[WhiteElo "2325"]
[BlackElo "2420"]

1.c4 g6 2.Nc3 Bg7 3.d4 Nf6 4.e4 d6 5.Nf3 O-O 6.Be2 e5 7.O-O Nc6 8.d5 Ne7
9.Ne1 Nd7 10.Nd3 f5 11.Bd2 Kh8 12.Rc1 c5 13.Rb1 Nf6 14.f3 f4 15.b4 b6 16.bxc5 bxc5
17.g4 g5 18.Rf2 h5 19.h3 Rf7 20.Qa4 Bf8 21.Kf1 Rh7  1/2-1/2

[Event "Lippstadt"]
[Site "Lippstadt"]
[Date "1992.??.??"]
[Round "?"]
[White "Schmidt, Wlodzimierz"]
[Black "Mainka, Romuald"]
[Result "1-0"]
[WhiteElo "2420"]
[BlackElo "2550"]

1.Nf3 Nf6 2.c4 g6 3.Nc3 Bg7 4.e4 d6 5.d4 O-O 6.Be2 e5 7.O-O Nc6 8.d5 Ne7
9.Nd2 a5 10.a3 Nd7 11.Rb1 f5 12.b4 Kh8 13.Qc2 Ng8 14.f3 Bh6 15.c5 axb4 16.axb4 dxc5
17.Nc4 cxb4 18.Rxb4 Bxc1 19.Rxc1 Ngf6 20.Nb5 fxe4 21.fxe4 c6 22.dxc6 bxc6
23.Nbd6 Qe7 24.Rd1 Ba6 25.Rb2 c5 26.Qc3 Bxc4 27.Bxc4 Rab8 28.Rxb8 Nxb8 29.Nf7+ Kg7
30.Ng5 Rc8 31.Ne6+ Kh8 32.Qxe5 Nc6 33.Qa1 Nd4 34.Nxd4 cxd4 35.Qxd4 Qc5 36.Qxc5 Rxc5
37.Rd4 Kg7 38.h3 h5 39.Kf2 h4 40.Ke3 Ra5 41.Rd2 Kh6 42.Rd6 Kg5 43.Kd4 Ra1
44.Rb6 Nd7 45.Rb2 Rd1+ 46.Ke3 Ne5 47.Rb5 Kf6 48.Rb6+ Kg5 49.Be2 Rc1 50.Kd4 Nc6+
51.Kd5 Ne7+ 52.Ke6 Re1 53.Bf3 Nf5 54.Kf7 Nd4 55.Rxg6+ Kf4 56.Rg4+ Ke3 57.e5 Ra1
58.Re4+ Kd3 59.e6 Nf5 60.Kf6 Nd6 61.Rxh4  1-0

[Event "Ljubljana Iskra"]
[Site "Ljubljana"]
[Date "1992.??.??"]
[Round "?"]
[White "Jelen, Iztok"]
[Black "Bukic, Enver"]
[Result "1/2-1/2"]
[WhiteElo "2425"]
[BlackElo "2455"]

1.d4 Nf6 2.c4 g6 3.Nc3 Bg7 4.e4 d6 5.Nf3 O-O 6.Be2 e5 7.O-O Nc6 8.Be3 Ng4
9.Bg5 f6 10.Bc1 f5 11.d5 Ne7 12.Ng5 Nf6 13.exf5 Nxf5 14.Nge4 Nxe4 15.Nxe4 c5
16.Bg5 Qc7  1/2-1/2

[Event "Ljubljana Iskra"]
[Site "Ljubljana"]
[Date "1992.??.??"]
[Round "?"]
[White "Gostisa, Leon"]
[Black "Bukic, Enver"]
[Result "1/2-1/2"]
[WhiteElo "2430"]
[BlackElo "2455"]

1.d4 Nf6 2.c4 g6 3.Nc3 Bg7 4.e4 d6 5.Nf3 O-O 6.Be2 e5 7.O-O Nc6 8.d5 Ne7
9.b4 Nh5 10.c5 h6 11.a4 f5 12.Nd2 Nf4 13.Bf3 g5 14.exf5 Bxf5 15.cxd6 cxd6
16.Nde4 Qd7 17.h3 a6 18.Ra3 Rac8 19.Bd2 Neg6 20.Bg4 Nh4 21.Ng3 Bxg4 22.Qxg4 Qxg4
23.hxg4 Nfxg2 24.Nce4 Rfd8 25.b5 Nf4 26.Rd1 Rc4 27.Ba5 Rd7 28.Kf1 Kf7 29.Bb6 Bf8
30.bxa6 bxa6 31.a5 Be7 32.Rc3 Rxc3 33.Nxc3 Rb7 34.Na2 Ke8 35.Ne4 Kd7 36.Nec3 Nf3
37.Nb4 Bd8 38.Na4 Nd4 39.Rb1 Bc7 40.Bxc7 Rxc7 41.Nxa6 Rc2 42.Nb4 Re2 43.Rb2 Rxb2
44.Nxb2 Kc7 45.Nc4 Nb5 46.a6 h5 47.gxh5 Nxh5 48.Ke2 Nf6 49.Kd3 Na7 50.Ke3 Nc8
51.Kf3 Na7 52.Nd2 Kb6 53.Ne4 g4+ 54.Ke3 Nxe4 55.Kxe4 Kb5 56.Nd3 Kxa6 57.Kf5 Kb6
58.Kxg4 Kb5 59.Kf5  1/2-1/2

[Event "Ljubljana op"]
[Site "Ljubljana"]
[Date "1992.??.??"]
[Round "3"]
[White "Gleizerov, Evgeny"]
[Black "Burovic, Ismet"]
[Result "1/2-1/2"]
[WhiteElo "2525"]
[BlackElo "2385"]

1.d4 Nf6 2.c4 g6 3.Nc3 Bg7 4.e4 d6 5.Nf3 O-O 6.Be2 e5 7.O-O Nc6 8.d5 Ne7
9.Nd2 Ne8 10.b4 f5 11.c5 Nf6 12.f3 f4 13.Nc4 g5 14.a4 Ng6 15.Ba3 Rf7 16.b5 Bf8
17.b6 cxb6 18.cxd6 Rg7 19.Nb5 Ne8 20.Rc1 h5 21.Nc7 Nxc7 22.dxc7 Qxc7 23.d6 Qf7
24.Bb2 Qe8 25.Nxe5 Nxe5 26.Qd5+ Nf7 27.Bb5 Be6 28.d7 Qe7 29.Qxb7 Rd8 30.Bxg7 Bxg7
31.Rc8 Bd4+ 32.Kh1 a5 33.Rd1 Bc5 34.Qc7 Qf6 35.e5 Qe7 36.Qc6  1/2-1/2

[Event "Ljubljana op"]
[Site "Ljubljana"]
[Date "1992.??.??"]
[Round "3"]
[White "Brglez, Rado"]
[Black "Orel, Oskar"]
[Result "1/2-1/2"]
[WhiteElo "2270"]
[BlackElo "2320"]

1.d4 Nf6 2.c4 g6 3.Nc3 Bg7 4.e4 d6 5.Nf3 O-O 6.Be2 e5 7.O-O Nc6 8.d5 Ne7
9.Nd2 c5 10.dxc6 bxc6 11.b4 d5 12.a4 d4 13.Na2 Be6 14.Ba3 Qc7 15.Nc1 Ne8
16.Nd3 f5 17.Nc5 Bc8 18.b5 Nf6 19.Bf3 Rb8 20.Nd3 Rd8 21.Re1 f4 22.Nb4 Bf8
23.Qc1 a6 24.bxa6 c5 25.Nd5 Nexd5 26.exd5 Bxa6 27.Qc2 Bd6 28.Ne4 Nxe4 29.Bxe4 Kg7
30.Bd3 Rb7 31.Rab1  1/2-1/2

[Event "Lloyds Bank op"]
[Site "London"]
[Date "1992.??.??"]
[Round "?"]
[White "Pritchett, Craig William"]
[Black "Gallagher, Joseph G"]
[Result "1/2-1/2"]
[WhiteElo "2350"]
[BlackElo "2510"]

1.Nf3 Nf6 2.c4 g6 3.Nc3 Bg7 4.e4 d6 5.d4 O-O 6.Be2 e5 7.O-O Nc6 8.d5 Ne7
9.Nd2 Ne8 10.b4 f5 11.f3 f4 12.c5 h5 13.Nc4 g5 14.Ba3 Rf6 15.b5 dxc5 16.Bxc5 Rg6
17.h3 Kh8 18.a4 Ng8 19.a5 Nh6 20.b6 g4 21.fxg4 hxg4 22.hxg4 axb6 23.axb6 Rxa1
24.Qxa1 cxb6 25.Bb4 Bxg4 26.Bxg4 Nxg4 27.Rf3 Kg8 28.Qa4 Bf8 29.Bxf8 Kxf8
30.Qb4+ Kg7 31.Nd1 Qh4 32.Rh3 Qg5 33.Qd2 Qe7 34.Nf2 Qc5 35.Rc3 Nxf2 36.Qxf2 Qb4
37.Rc1 Rg5 38.Nd2 Qa3 39.Rb1 Nd6 40.Rxb6 Qc1+ 41.Nf1 Qc7 42.Rb2 Nxe4 43.Qb6 Qxb6+
44.Rxb6 Nc5 45.Rb5 b6 46.Rxb6 e4 47.d6 Kf7 48.Rb2 Ke6 49.Rd2 Nd3 50.Re2 f3
51.Rxe4+ Kd5 52.Ng3 Rxg3 53.d7 Rxg2+ 54.Kf1 Kxe4 55.d8=Q Rf2+ 56.Kg1 Rb2
57.Qh4+ Ke3 58.Qg5+ Ke2 59.Qe7+ Kd1 60.Qe6 f2+ 61.Kg2 Kc2 62.Qh6 Kd1 63.Qh5+ Ke1
64.Qa5+ Rd2 65.Qa1+ Ke2 66.Qf1+ Ke3 67.Qa1 Rb2 68.Qa7+ Ke2 69.Qe7+ Kd2 70.Qg5+ Ke1
71.Qa5+ Rd2 72.Qa1+ Ke2 73.Qf1+ Ke3 74.Qa1 Rc2 75.Qa7+ Ke2 76.Qe7+ Kd1 77.Qd8 Rd2
78.Kf1 Kc1 79.Qc7+ Rc2 80.Qd6 Rc3 81.Qh6+ Kb2 82.Qb6+ Rb3 83.Qf6+ Kc1 84.Qc6+ Kd2
85.Qh6+ Kd1 86.Qd6 Rc3 87.Qa6 Kd2 88.Qh6+ Kd1  1/2-1/2

[Event "Lloyds Bank op"]
[Site "London"]
[Date "1992.??.??"]
[Round "?"]
[White "Walker, David"]
[Black "Thipsay, Praveen Mahadeo"]
[Result "0-1"]
[WhiteElo "2320"]
[BlackElo "2475"]

1.d4 Nf6 2.c4 g6 3.Nc3 Bg7 4.e4 d6 5.Be2 O-O 6.Nf3 e5 7.O-O Nc6 8.d5 Ne7
9.Ne1 Nd7 10.Be3 f5 11.f3 f4 12.Bf2 g5 13.g4 h5 14.h3 Rf7 15.c5 Nf6 16.cxd6 cxd6
17.Rc1 Ng6 18.Nb5 a6 19.Na3 b5 20.Nac2 Bf8 21.Nb4 Rh7 22.Kg2 hxg4 23.hxg4 Nh4+
24.Bxh4 gxh4 25.Rh1 h3+ 26.Rxh3 Rxh3 27.Kxh3 Nh5 28.Nc6 Qg5 29.Nd3 Ng3 30.Nf2 Bd7
31.Bd3 Bg7 32.Kg2 Bf6 33.a4 bxa4 34.Qxa4 Kg7 35.Qd1 Qh4 36.Rc3 Ne2 37.Bxe2 Qg3+
38.Kf1 Rh8 39.Bxa6 Rh2 40.Rc2 Bh4 41.Qe1 Qxf3  0-1

[Event "Los Angeles"]
[Site "Los Angeles"]
[Date "1992.??.??"]
[Round "?"]
[White "Thinnsen, James A"]
[Black "Strayer, Geofrey"]
[Result "1-0"]
[WhiteElo "2340"]
[BlackElo "2310"]

1.d4 Nf6 2.c4 g6 3.Nc3 Bg7 4.e4 d6 5.Nf3 O-O 6.Be2 e5 7.O-O Nc6 8.d5 Ne7
9.Ne1 Nd7 10.Nd3 f5 11.f3 Nf6 12.Bd2 f4 13.g4 h6 14.c5 Nh7 15.cxd6 cxd6 16.h4 Kh8
17.Be1 Ng8 18.Kg2 Bf6 19.Rh1 h5 20.g5 Bxg5 21.hxg5 Qxg5+ 22.Kf1 Ngf6 23.Qa4 Ng4
24.Nd1 Ne3+ 25.Nxe3 fxe3 26.Bh4 Qg4 27.f4 Qd7 28.Qxd7 Bxd7 29.Be7 exf4 30.Bxf8 Rxf8
31.Kg2 Bb5 32.Raf1 Bxd3 33.Bxd3 Ng5 34.Rh4 f3+ 35.Kg3 Kg7 36.Rf4 e2 37.Rh1 Rc8
38.Kh4 Kh6 39.Rf6 Re8 40.e5 Rg8 41.e6 Nh7 42.Rxf3 g5+ 43.Kg3 g4 44.Rf7 Ng5
45.Rf6+  1-0

[Event "Madrid-B"]
[Site "Madrid"]
[Date "1992.??.??"]
[Round "2"]
[White "Rojo Huerta, Gabriel"]
[Black "Bass, Leonid"]
[Result "0-1"]
[WhiteElo "2300"]
[BlackElo "2495"]

1.Nf3 Nf6 2.c4 g6 3.d4 Bg7 4.Nc3 O-O 5.e4 d6 6.Be2 e5 7.O-O Nc6 8.d5 Ne7
9.Nd2 a5 10.a3 Bd7 11.b3 c5 12.Rb1 Ne8 13.b4 axb4 14.axb4 b6 15.bxc5 bxc5
16.Nb3 f5 17.Bg5 h6 18.Bxe7 Qxe7 19.Ra1 Nf6 20.Bf3 Rxa1 21.Qxa1 g5 22.Qb1 g4
23.Bd1 f4 24.Na5 f3 25.g3 Qf7 26.Bc2 Ra8 27.Qb6 Bf8 28.Rb1 h5 29.Nb5 h4 30.Bd3 hxg3
31.fxg3 Nh7 32.Rb2 Ng5 33.Kf1 Qf6 34.Qc7 Be8 35.Qb6 Qh6 36.Nc7 Nh3  0-1

[Event "Balkaniad"]
[Site "Mangalia"]
[Date "1992.??.??"]
[Round "1"]
[White "Genov, Petar"]
[Black "Grivas, Efstratios"]
[Result "0-1"]
[WhiteElo "2450"]
[BlackElo "2465"]

1.d4 Nf6 2.c4 g6 3.Nc3 Bg7 4.e4 d6 5.Nf3 O-O 6.Be2 e5 7.O-O Nc6 8.d5 Ne7
9.Ne1 Nd7 10.Nd3 f5 11.Bd2 Rf7 12.f4 c6 13.Kh1 Kh8 14.Rc1 a6 15.b4 cxd5 16.cxd5 b5
17.exf5 gxf5 18.fxe5 dxe5 19.Bg5 Nb6 20.Nc5 Bf6 21.N3e4 Bxg5 22.Nxg5 Rf6
23.d6 Ned5 24.Bf3 e4 25.Bxe4 fxe4 26.Qh5 Ra7 27.Ncxe4 Nf4 28.Qh4 Ng6 29.Qh6 Qf8
30.Rxf6 Qxh6 31.d7 Rxd7 32.Rxb6 Bb7  0-1

[Event "Balkaniad"]
[Site "Mangalia"]
[Date "1992.??.??"]
[Round "2"]
[White "Nutu Gajic, Dana"]
[Black "Botsari Miladinovic, Anna Maria"]
[Result "0-1"]
[WhiteElo "2325"]
[BlackElo "2305"]

1.d4 Nf6 2.c4 g6 3.Nc3 Bg7 4.e4 d6 5.Nf3 O-O 6.Be2 e5 7.O-O Nc6 8.d5 Ne7
9.b4 Nh5 10.g3 a5 11.Ba3 f5 12.Ng5 Nf6 13.f3 h6 14.Ne6 Bxe6 15.dxe6 axb4
16.Bxb4 c5 17.Bxc5 dxc5 18.Nd5 Ra6 19.Rb1 Rxe6 20.Rxb7 Nexd5 21.cxd5 Rb6
22.Rxb6 Qxb6 23.Qc2 fxe4 24.fxe4 c4+ 25.Kg2 Qd4 26.Qxc4 Qxe4+ 27.Qxe4 Nxe4
28.Bd3 Rxf1 29.Kxf1 Nc3 30.d6 Kf7 31.Bc4+ Ke8 32.a4 Kd7 33.a5 e4 34.a6 Bd4
35.Ke1 e3  0-1

[Event "Balkaniad"]
[Site "Mangalia"]
[Date "1992.??.??"]
[Round "3"]
[White "Olcayoz, Alper"]
[Black "Grivas, Efstratios"]
[Result "0-1"]
[WhiteElo "2360"]
[BlackElo "2465"]

1.d4 Nf6 2.Nf3 g6 3.c4 Bg7 4.Nc3 O-O 5.e4 d6 6.Be2 e5 7.O-O Nc6 8.d5 Ne7
9.Ne1 Nd7 10.Nd3 f5 11.Bd2 Nf6 12.f3 f4 13.c5 g5 14.Rc1 Ng6 15.cxd6 cxd6
16.Nb5 Rf7 17.Qc2 Ne8 18.a4 Bf8 19.Nf2 Bd7 20.Qb3 h5 21.h3 Be7 22.Rc2 Qb8
23.Rfc1 Bd8 24.a5 a6 25.Na3 b5 26.Be1 Nf6 27.Qd3 Rg7 28.Bd1 Nh8 29.Kf1 Nf7
30.b4 Nh6 31.Nb1 Ra7 32.Nd2 Rg6 33.Nb3 g4 34.Be2 Kh8 35.Rc3 gxh3 36.Nxh3 Nf7
37.Bf2 Rc7 38.Rxc7 Bxc7 39.Qc3 Bd8 40.Ke1 Rxg2 41.Ng1 Ng5 42.Bf1 Rxf2  0-1

[Event "Manila ol (Men)"]
[Site "Manila"]
[Date "1992.??.??"]
[Round "?"]
[White "Cebalo, Miso"]
[Black "Ubilava, Elizbar"]
[Result "1/2-1/2"]
[WhiteElo "2515"]
[BlackElo "2560"]

1.d4 Nf6 2.Nf3 g6 3.c4 Bg7 4.Nc3 O-O 5.e4 d6 6.Be2 e5 7.O-O Nc6 8.Be3 Ng4
9.Bg5 f6 10.Bc1 f5 11.Bg5 Qe8 12.d5 Nb8 13.Ne1 a5 14.Bxg4 fxg4 15.Nd3 b6
16.a3 Ba6 17.b3 h5 18.Qd2 Nd7 19.Rfc1 Nf6 20.Nb2 Nh7 21.Be3 Qe7 22.b4 axb4
23.axb4 Rfb8 24.Ra3 Bb7 25.Rca1 Rxa3 26.Rxa3 Ra8 27.Rxa8+ Bxa8 28.Qd1 Qe8
29.Qa1 Bb7 30.Qa7 Qc8 31.Kf1 Nf6 32.Ke2 Bf8 33.Kd3 Be7 34.Nba4 Bd8 35.g3 Nd7
36.c5 bxc5 37.bxc5 dxc5 38.Nxc5 Nxc5+ 39.Bxc5 Ba6+ 40.Kc2 Qb7 41.Qxb7 Bxb7
42.Kb3 c6 43.Kb4 Kf7 44.Be3 Ke8 45.Kc5 Kd7 46.Bh6 cxd5 47.exd5 Be7+ 48.Kb6 Kc8
49.Kb5 Kd7 50.Be3 Bd8 51.Ba7 Be7 52.Bc5 Bd8 53.Be3 Kd6 54.Bc5+ Kd7 55.Bf8 Bc7
56.Kc5 Ba6 57.Ne4 Bd8 58.Nd6 Be2 59.Nc4 Bxc4 60.Kxc4 Bb6 61.Bc5 Ba5  1/2-1/2

[Event "Manila ol (Men)"]
[Site "Manila"]
[Date "1992.??.??"]
[Round "?"]
[White "Atalik, Suat"]
[Black "Ho Van Huynh"]
[Result "1-0"]
[WhiteElo "2455"]
[BlackElo "2360"]

1.d4 d6 2.c4 g6 3.Nc3 Bg7 4.Nf3 Nf6 5.e4 O-O 6.Be2 e5 7.O-O Nc6 8.Be3 Ng4
9.Bg5 f6 10.Bc1 Nh6 11.dxe5 Nxe5 12.Nxe5 fxe5 13.Be3 Nf7 14.c5 Be6 15.Qa4 b6
16.c6 a5 17.Bc4 Qe8 18.Bxe6 Qxe6 19.Nd5 Rac8 20.Qc4 Rfe8 21.a3 Kh8 22.b4 axb4
23.axb4 Nd8 24.Ra7 Qg8 25.Bg5 Ne6 26.Ne7 Rxe7 27.Bxe7 Re8 28.Bh4 g5 29.Bxg5 Nxg5
30.Qxg8+ Kxg8 31.Rxc7 Bf8 32.Rb7 Nxe4 33.c7 Rc8 34.Rc1 d5 35.Rb8 Nd6 36.Rxc8 Nxc8
37.Ra1 Kf7 38.Rc1 Ne7 39.Rd1 d4 40.Re1 Kf6 41.Rc1 Kf7 42.c8=Q  1-0

[Event "Manila ol (Men)"]
[Site "Manila"]
[Date "1992.??.??"]
[Round "?"]
[White "Djurhuus, Rune"]
[Black "Thipsay, Praveen Mahadeo"]
[Result "1/2-1/2"]
[WhiteElo "2420"]
[BlackElo "2485"]

1.d4 Nf6 2.c4 g6 3.Nc3 Bg7 4.e4 d6 5.Be2 O-O 6.Nf3 e5 7.O-O Nc6 8.Be3 Ng4
9.Bg5 f6 10.Bc1 Nh6 11.d5 Ne7 12.b4 Nf7 13.a4 f5 14.Ng5 Nxg5 15.Bxg5 h6 16.Bc1 Kh8
17.Ba3 Ng8 18.c5 Nf6 19.f3 Rf7 20.a5  1/2-1/2

[Event "Manila ol (Women)"]
[Site "Manila"]
[Date "1992.??.??"]
[Round "?"]
[White "Tazhieva, Lyazzat"]
[Black "Agababian, Naira"]
[Result "1-0"]
[WhiteElo "2190"]
[BlackElo "2125"]

1.d4 Nf6 2.Nf3 d6 3.c4 g6 4.Nc3 Bg7 5.e4 O-O 6.Be2 e5 7.O-O Nc6 8.d5 Ne7
9.Nd2 Ne8 10.b4 f5 11.a4 f4 12.c5 g5 13.Nc4 Ng6 14.Bg4 Bxg4 15.Qxg4 Rf7 16.Qd1 Bf8
17.Ba3 Qf6 18.Rc1 Nh4 19.f3 h5 20.Rc2 Rg7 21.g3 Ng6 22.Rg2 b6 23.cxb6 cxb6
24.Qd3 Rc8 25.Bb2 Rf7 26.a5 bxa5 27.Nxa5 fxg3 28.hxg3 h4 29.Ne2 Ng7 30.g4 Qd8
31.Nc6 Qb6+ 32.Kh1 Ne7 33.b5 a6 34.Bc1 axb5 35.Be3 Qb7 36.Na7 Rc4 37.Nc3 Ng6
38.Naxb5 Rb4 39.Bxg5 Qa6 40.Ra2 Qc8 41.Rfa1 Nf4 42.Bxf4 Rxf4 43.Ne2 Rf7 44.Ra8 Qc5
45.Nec3 Rb2 46.R8a2 Qf2 47.Rxb2 Qxb2 48.Ra2 Qc1+ 49.Nd1 Rb7 50.Nc3 Rb3 51.Rc2 Qa1
52.Kg2 Be7 53.Qd2 Qa6 54.Ra2 Qc4 55.Ra4 Qc5 56.Qc2 h3+ 57.Kh1 Rb8 58.Qf2 Qc8
59.Qd2 Kf7 60.Ra7 Qc5 61.Qe3 Qd4 62.Ra4 Qxe3 63.Nxe3 Rb3 64.Ned1 Bg5 65.Kh2 Bf4+
66.Kxh3 Ne8 67.Ra7+ Kf8 68.Ra2 Nf6 69.Kg2 Bc1 70.Ne2 Ba3 71.Nf2 Bc5 72.Nh3 Nh7
73.Ng3 Kg8 74.Nf5 Ba3 75.Kg3 Kf7 76.g5 Nf8 77.Rxa3 Rxa3 78.Nxd6+ Kg7 79.Nc4 Rb3
80.Nxe5 Ng6 81.Nxg6 Kxg6 82.Kg4 Rb1 83.Nf4+ Kg7 84.d6  1-0

[Event "Manila ol (Women)"]
[Site "Manila"]
[Date "1992.??.??"]
[Round "?"]
[White "Phan Huynh Bang Ngan"]
[Black "Xie Jun"]
[Result "1/2-1/2"]
[WhiteElo "2005"]
[BlackElo "2480"]

1.d4 Nf6 2.c4 g6 3.Nc3 Bg7 4.e4 d6 5.Nf3 O-O 6.Be2 e5 7.O-O Nc6 8.d5 Ne7
9.Nd2 c5 10.Rb1 a5 11.a3 b6 12.b4 axb4 13.axb4 Ne8 14.bxc5 bxc5 15.Nb3 f5
16.f3 f4 17.Bd2 g5 18.Ra1 Rxa1 19.Qxa1 Nf6 20.Qa5 g4 21.Qxd8 Rxd8 22.Ra1 gxf3
23.gxf3 Bd7 24.Ra7 Rb8 25.Nb5 Nc8 26.Ra6 Ne8 27.Ba5 Bf6 28.Be1 Nb6 29.Ra7 Bh3
30.Na5 Nc8 31.Nc6 Rb6 32.Ba5 Nxa7 33.Bxb6 Nc8 34.Ba5 Kf8  1/2-1/2

[Event "Manila ol (Women)"]
[Site "Manila"]
[Date "1992.??.??"]
[Round "?"]
[White "Phan Huynh Bang Ngan"]
[Black "Brustman, Agnieszka"]
[Result "0-1"]
[WhiteElo "2005"]
[BlackElo "2325"]

1.d4 Nf6 2.c4 g6 3.Nc3 Bg7 4.e4 d6 5.Nf3 O-O 6.Be2 e5 7.O-O Nc6 8.d5 Ne7
9.Ne1 Nd7 10.Rb1 f5 11.f3 f4 12.b4 g5 13.Nd3 Nf6 14.Bd2 Ng6 15.Qc2 h5 16.Rbc1 g4
17.c5 Ne8 18.cxd6 cxd6 19.fxg4 hxg4 20.g3 f3 21.Bd1 Rf7 22.Be3 Bf8 23.Qf2 Rh7
24.Bxa7 Rxa7 25.Qxa7 b6 26.Qb8 Bh6 27.Rc2 Be3+ 28.Rff2 Nf4 29.Nxf4 exf4 30.Nb5 Rxh2
31.Kxh2 fxg3+ 32.Kxg3 Qg5 33.Bxf3 gxf3+ 34.Kxf3 Bg4+ 35.Kg2 Be2+ 36.Kh1 Qh4+
37.Kg2 Qxf2+ 38.Kh3  0-1

[Event "Manila ol (Women)"]
[Site "Manila"]
[Date "1992.??.??"]
[Round "?"]
[White "Paasikangas, Johanna"]
[Black "Sziva, Erika"]
[Result "0-1"]
[WhiteElo "2160"]
[BlackElo "2245"]

1.d4 d6 2.Nf3 Nf6 3.c4 g6 4.Nc3 Bg7 5.e4 O-O 6.Be2 e5 7.O-O Nc6 8.d5 Ne7
9.b4 Nh5 10.c5 f5 11.Ng5 Nf4 12.Bxf4 exf4 13.Rc1 h6 14.Ne6 Bxe6 15.dxe6 Bxc3
16.Rxc3 fxe4 17.cxd6 cxd6 18.Bb5 Rf5 19.Bd7 d5 20.b5 Qf8 21.f3 Qf6 22.Rc7 e3
23.Rxb7 Qb2 24.Re1 Qf2+ 25.Kh1 Rh5 26.Re2 Qh4 27.h3 Nf5 28.e7 Ng3+ 29.Kg1 Nxe2+
30.Qxe2 Qxe7 31.Bc6 Qf6 32.Rd7 Rd8 33.Rxa7 Re5 34.Ra3 d4 35.Rd3 Rc5 36.Be4 Rc1+
37.Rd1 Rdc8 38.a4 Qh4  0-1

[Event "Manila ol (Women)"]
[Site "Manila"]
[Date "1992.??.??"]
[Round "?"]
[White "Nutu Gajic, Dana"]
[Black "Undrahbuyan, Baasanjav"]
[Result "1-0"]
[WhiteElo "2325"]
[BlackElo "2040"]

1.d4 Nf6 2.c4 g6 3.Nc3 Bg7 4.e4 d6 5.Nf3 O-O 6.Be2 e5 7.O-O Nc6 8.d5 Ne7
9.b4 Nh5 10.c5 Nf4 11.Bxf4 exf4 12.Qd2 h6 13.Rad1 g5 14.e5 Nf5 15.exd6 cxd6
16.h3 a5 17.a3 axb4 18.axb4 Ra3 19.Nb5 Ra8 20.Bd3 Bd7 21.Bxf5 Bxb5 22.Rfe1 Ra3
23.Rc1 Qf6 24.Bb1 h5 25.Re4 Bd7 26.Nd4 g4 27.hxg4 hxg4 28.Rxf4 Bh6 29.Rxf6 Bxd2
30.Rd1 Bxb4 31.c6 Kg7 32.Rf4 bxc6 33.dxc6 Bc8 34.Nc2 Bc5 35.Nxa3 Bxa3 36.Ba2 Bc5
37.g3 f5 38.Re1 Kg6 39.Bd5 Rh8 40.Ra4 Rh3 41.Kg2 Rh8 42.Ra8 Kg5 43.c7 Bb6
44.Kg1 f4 45.gxf4+ Kxf4 46.Rb1 Bc5 47.Rbb8 g3 48.Rxc8  1-0

[Event "Manila ol (Women)"]
[Site "Manila"]
[Date "1992.??.??"]
[Round "?"]
[White "Johansson, Victoria"]
[Black "Hernandez, Yadira"]
[Result "1-0"]
[WhiteElo "2155"]
[BlackElo "2100"]

1.d4 Nf6 2.c4 g6 3.Nc3 Bg7 4.e4 d6 5.Nf3 O-O 6.Be2 e5 7.O-O Nc6 8.d5 Ne7
9.b4 Nd7 10.Nd2 f5 11.a4 Nf6 12.f3 f4 13.c5 g5 14.a5 Ng6 15.Ba3 Rf7 16.b5 Bf8
17.Nb3 Rg7 18.b6 cxb6 19.axb6 g4 20.Nb5 Nh4 21.Nc7 Nxg2 22.Kxg2 gxf3+ 23.Kh1 fxe2
24.Qxe2 Bg4 25.Qd3 Nh5 26.Bb4 Qg5 27.Ra2 f3 28.Bd2 Qh4 29.Bc1 Qh3 30.Nxa8 Nf4
31.Qc4 Ne2 32.Rf2 Bh5 33.Raxe2 fxe2 34.Nd2 Qg4  1-0

[Event "Manila ol (Women)"]
[Site "Manila"]
[Date "1992.??.??"]
[Round "?"]
[White "Gokhale, Anupama"]
[Black "Lumongdong, Lisa Karlina"]
[Result "1-0"]
[WhiteElo "2200"]
[BlackElo "2055"]

1.d4 Nf6 2.c4 g6 3.Nc3 Bg7 4.e4 d6 5.Nf3 O-O 6.Be2 e5 7.O-O Nc6 8.d5 Ne7
9.b4 Nh5 10.c5 f5 11.exf5 gxf5 12.Qb3 e4 13.Ng5 Nf6 14.Rd1 Ng6 15.Ne6 Bxe6
16.dxe6 Kh8 17.cxd6 cxd6 18.Bb2 Qe7 19.Nb5 Nf4 20.Bf1 d5 21.Be5 Nxe6 22.Bd6 Qd7
23.Bxf8 Bxf8 24.Nd4 Nxd4 25.Rxd4 Bd6 26.Rad1 Be5 27.Rxd5 Nxd5 28.Rxd5 Qe7
29.Qd1 f4 30.Rd7 Qg5 31.Qd5 f3 32.Qxe4 Qh5 33.g3 Rf8 34.Rxb7 Rf6 35.Rxa7  1-0

[Event "Manila ol (Women)"]
[Site "Manila"]
[Date "1992.??.??"]
[Round "?"]
[White "Fontanilla, Girmie"]
[Black "Mihevc, Narcisa"]
[Result "0-1"]
[WhiteElo "2035"]
[BlackElo "2150"]

1.Nf3 Nf6 2.c4 g6 3.Nc3 Bg7 4.d4 d6 5.e4 O-O 6.Be2 e5 7.O-O Nc6 8.d5 Ne7
9.Nd2 a5 10.a3 Nd7 11.Rb1 f5 12.b4 Kh8 13.Na4 Ng8 14.f3 axb4 15.axb4 Ngf6
16.Qc2 Nh5 17.g3 Ndf6 18.Rf2 fxe4 19.Nxe4 Nxe4 20.fxe4 Rxf2 21.Kxf2 Bh3 22.Be3 Qf6+
23.Kg1 Rf8 24.Bd3 Qf3 25.Qe2 Nxg3 26.Qxf3 Rxf3 27.Re1 Ne2+ 28.Bxe2 Rxe3 29.Kf2 Rxe4
30.Nc3 Rf4+ 31.Kg3 Bd7 32.Bd3 Bf6 33.Rf1 Bh4+ 34.Kg2 Rd4 35.Be2 Kg7 36.Rb1 Bg4
37.Bxg4 Rxg4+ 38.Kf3 Rxc4 39.Rb3 c6 40.dxc6 bxc6 41.Ne4 d5 42.Nc5 Be7 43.Na6 e4+
44.Kf2 Rc2+ 45.Kg1 d4 46.h3 d3 47.Kf1 Rc1+  0-1